UBT Library

Green pediatric diagnosis interpretation of symptoms signs in children adolescents: (Record no. 2147)

000 -LEADER
fixed length control field 00315nam a22001097a 4500
008 - FIXED-LENGTH DATA ELEMENTS--GENERAL INFORMATION
fixed length control field 160513b xxu||||| |||| 00| 0 eng d
020 ## - INTERNATIONAL STANDARD BOOK NUMBER
International Standard Book Number 0721672841
041 ## - LANGUAGE CODE
Language code of text/sound track or separate title eng
080 ## - UNIVERSAL DECIMAL CLASSIFICATION NUMBER
Universal Decimal Classification number 611
245 ## - TITLE STATEMENT
Title Green pediatric diagnosis interpretation of symptoms signs in children adolescents:
Statement of responsibility, etc Morris Green MD;
942 ## - ADDED ENTRY ELEMENTS (KOHA)
Source of classification or shelving scheme
Item type Books
Holdings
Withdrawn status Lost status Source of classification or shelving scheme Damaged status Not for loan Collection code Permanent location Current location Shelving location Date acquired Total Checkouts Full call number Barcode Date last seen Price effective from Koha item type
          Koleksioni i përgjithshem UBT - Lipjan UBT - Lipjan Koleksioni i përgjithshem 05/13/2016   611 GREE 002-029389 05/13/2016 05/13/2016 Books
UBT Library © 2015-2024. All rights reserved University Education for Business and Technology